Selena Gomez- Wolves (All Lyrics) - Statistics

General Stats
  • This quiz has been taken 248 times
  • The average score is 307 of 369
Answer Stats
Lyrics % Correct
I
99%
the
99%
to
99%
To
99%
you,
99%
you
99%
a
96%
get
96%
In
93%
in
93%
wolves
93%
running
92%
been
91%
with
90%
jungle
89%
I've
88%
love,
88%
love
88%
your
87%
Your
87%
and
85%
on
85%
through
84%
eyes,
82%
blue
81%
dark
81%
of
81%
All
79%
all
79%
there's
79%
heavy
78%
One
77%
one
77%
lose
76%
me
76%
too
76%
for
74%
side
74%
night,
72%
night
72%
feel
70%
make
70%
moon
70%
wanna
70%
down
69%
don't
68%
much
67%
sky
67%
Sweet
67%
darkest
65%
yeah,
65%
choose
64%
anger
62%
that
62%
stranger
61%
Took
61%
every
59%
or
59%
crying
58%
divine,
58%
stars
58%
truth
58%
we
57%
Water
56%
way
55%
wine,
55%
summer
54%
feeling,
53%
looked
53%
my
52%
alleys
50%
did
50%
have
50%
alone
49%
Drunk
49%
ease
48%
never
48%
Saw
47%
skin
44%
places
43%
come
39%
fingertips
32%
trace
31%
Break
30%
these
30%
walls
30%
following
29%
am
28%
Blindly,
19%
No matching quizzes found
Score Distribution
Percent of People with Each Score
Percentile by Number Answered
Your Score History
You have not taken this quiz